Komerčný poistný trh v Slovenskej republike v období dlhovej krízy

Komerčný poistný trh a jeho vymedzenie. Analýza vybraných ukazovateľov komerčného poistného trhu v Slovenskej republike za rok 2012. Technické poistné v životnom a neživotnom poistení k 31.12. 2012 v komerčných poisťovniach.

Gespeichert in:
Bibliographische Detailangaben
1. Verfasser: Drugdová, Barbora
Format: Buchkapitel
Sprache:Slowakisch
Schlagworte:
Tags: Tag hinzufügen
Keine Tags, Fügen Sie das erste Tag hinzu!

MARC

LEADER 00000nla a2200000 4500
001 0182905
005 20240502073128.7
041 0 |a slo 
044 |a SK 
245 1 0 |a Komerčný poistný trh v Slovenskej republike v období dlhovej krízy  |c Barbora Drugdová 
520 |a Komerčný poistný trh a jeho vymedzenie. Analýza vybraných ukazovateľov komerčného poistného trhu v Slovenskej republike za rok 2012. Technické poistné v životnom a neživotnom poistení k 31.12. 2012 v komerčných poisťovniach. 
610 2 0 |a poistenie životné 
610 2 0 |a poistenie neživotné 
610 2 0 |a poisťovne komerčné 
610 2 0 |a trh poistný 
610 2 0 |a Slovensko 
100 1 |a Drugdová, Barbora